Việt Nam-Điện Biên Phủ bản anh hùng ca của thời đại

Giới thiệu một trong những nhận xét của các đồng chí và bè bạn của chúng ta trên thế giới nói về Việt Nam, về chiến thắng Điện Biên Phủ và ý nghĩa quốc tế của chiến thắng đó. Phần phụ lục là những lời thú nhận của nhà cầm quyền, các tướng tá và sĩ quan Pháp nói về thất bại của Pháp tại Điện Biên Phủ...

पूर्ण विवरण

में बचाया:
ग्रंथसूची विवरण
स्वरूप: पुस्तक
भाषा:Vietnamese
प्रकाशित: H. Sự thật 1984
विषय:
टैग : टैग जोड़ें
कोई टैग नहीं, इस रिकॉर्ड को टैग करने वाले पहले व्यक्ति बनें!
Thư viện lưu trữ: Mạng thư viện Đại học Đà Nẵng
LEADER 01491nam a2200337 4500
001 000006614
003 2772
005 20110916100931.0
008 110915s1984 viesd
020 |c 4500đ 
041 0 |a vie 
082 |a 959.7041  |b Viê 
245 0 |a Việt Nam-Điện Biên Phủ bản anh hùng ca của thời đại 
260 |a H.  |b Sự thật  |c 1984 
300 |a 131 tr  |c 19 cm 
520 |a Giới thiệu một trong những nhận xét của các đồng chí và bè bạn của chúng ta trên thế giới nói về Việt Nam, về chiến thắng Điện Biên Phủ và ý nghĩa quốc tế của chiến thắng đó. Phần phụ lục là những lời thú nhận của nhà cầm quyền, các tướng tá và sĩ quan Pháp nói về thất bại của Pháp tại Điện Biên Phủ 
653 |a Điện Biên Phủ 
653 |a Kháng chiến chống Pháp 
653 |a Trận đánh lịch sử 
653 |a Việt Nam 
910 |a Nguyễn Thị Kim Oanh  |d 15/09/2011 
OWN |a LSP 
AVA |a UDN50  |b LSP  |d 959.7041 Viê  |e unavailable  |t Error 5002 Not defined in file expand_doc_bib_avail.  |f 1  |g 1  |h N  |i 0  |k 1 
999 |a From the UDN01 
AVA |a UDN50  |b LSP  |d 959.7041 Viê  |e unavailable  |t Error 5002 Not defined in file expand_doc_bib_avail.  |f 1  |g 1  |h N  |i 0  |k 1 
TYP |a Monograph 
TYP |a Printed language 
980 |a Mạng thư viện Đại học Đà Nẵng